Jazdecká revue časopis pre priateľov koní

Bibliographic Details
Other Authors: Gyurkovicsová, Darina (Publishing director), Kvaššayová, Marianna (Publishing director)
Format: Journal
Language:Slovak
PhysicalDescription:2 zv. 30 cm
Published: Bratislava MPK consulting 2010-2011
ISSN:1338-1865
Subjects:

MARC

LEADER 00000cas a2200000 a 4500
001 vtls010179843
003 SK-MaSNL
005 20260228160330.0
008 101018d20102011xo br|p 0 b0slo
022 |a 1338-1865 
040 |a SNK  |b slo  |c SNK  |d SVKBB  |d SAVUK  |e AACR2 
041 0 |a slo 
044 |a xo  |c SK 
072 7 |a 798  |x Jazdectvo. Závody so záprahom. Športy s koňmi a inými zvieratami  |2 konspekt 
080 |a 050  |2 2011 
080 |a 798  |2 2011 
080 |a 379.82(051)  |2 2011 
210 0 |a Jazdec. rev. 
222 0 |a Jazdecká revue 
245 0 0 |a Jazdecká revue  |b časopis pre priateľov koní 
260 |a Bratislava  |b MPK consulting  |c 2010-2011 
300 |a 2 zv.  |c 30 cm 
310 |a 6x ročne 
362 0 |a Roč. I, č. 1 (2010)-roč. 2, č. 1 (2011) 
500 |a Šéfredaktorka: 1-2/2010, Darina Gyurkovicsová ; 3/2010-2011, Marianna Kvaššayová 
500 |a Registračné č.: MK SR 4029/10 
525 |a Súčasťou časopisu je v č. 2/2010 neoddeliteľná príloha: Pegasito, k č. 3/2010 vydaná samostatne 
650 0 7 |a jazdectvo  |2 SNKPH  |9 3225 
655 7 |a záujmové časopisy  |2 SNKPH  |9 70804 
700 1 |a Gyurkovicsová, Darina  |4 pbd  |9 8517 
700 1 |a Kvaššayová, Marianna  |4 pbd  |9 266431 
910 |a snk 
910 |a savuk 
916 |a 2010-2011 
999 |c 2183  |d 4113 
952 |0 0  |1 0  |4 0  |7 0  |8 0  |a SNK  |b SNK  |d 2017-10-12  |f 1  |i snk2017/22210  |l 0  |o snkČSB 6524/2/2011  |p 17A1265179  |r 2026-02-21 19:56:02  |t len č. 1 + 1 príl.  |w 2026-02-21  |y PREZ  |z Príl.: Pegasito 
952 |0 0  |1 0  |4 0  |7 0  |8 0  |a SNK  |b SNK  |d 2017-10-12  |i snk2017/22211  |l 0  |o snkČSB 6524/2/2011 D1  |p 17A1265178  |r 2026-02-21 19:56:02  |t len č. 1 + 1 príl.  |w 2026-02-21  |y PREZ  |z Príl.: Pegasito 
952 |0 0  |1 0  |4 0  |7 0  |8 0  |a SNK  |b SNK  |d 2017-10-12  |i snk2017/22200  |l 0  |o snkČSB 6524/1/2010 D1  |p 17A1265180  |r 2026-02-21 19:56:10  |t č. 1-3  |w 2026-02-21  |y PREZ 
952 |0 0  |1 0  |4 0  |7 0  |8 0  |a SNK  |b SNK  |d 2017-10-12  |f 1  |i snk2017/22199  |l 0  |o snkČSB 6524/1/2010  |p 17A1265181  |r 2026-02-21 22:04:42  |t č. 1-3  |w 2026-02-21  |y PREZ